LIBRARY & INFORMATION CENTRE, KCAET, TAVANUR

ONLINE PUBLIC ACCESS CATALOGUE (OPAC)

Normal view MARC view
  • Ujjwal. P.S

Entry Personal Name

Number of records used in: 1

001 - CONTROL NUMBER

  • control field: 4083

003 - CONTROL NUMBER IDENTIFIER

  • control field: OSt

005 - DATE AND TIME OF LATEST TRANSACTION

  • control field: 20190517153445.0

008 - FIXED-LENGTH DATA ELEMENTS

  • fixed length control field: 190517|| aca||aabn | a|a d

040 ## - CATALOGING SOURCE

  • Original cataloging agency: OSt
  • Transcribing agency: OSt

100 ## - HEADING--PERSONAL NAME

  • Personal name: Ujjwal. P.S

670 ## - SOURCE DATA FOUND

  • Source citation: Work cat.: (OSt): Ujjwal. P.S Sweta Singh Singh .B.R, Question Bank on Agricultural Engineering. (First Edition), 2014
free website counter